000 01298nam a2200349 a 4500
001 000108812
003 CHAP
005 20220329144025.0
008 140313s2013 mx sm |||||||spa d
010 _a105274
011 _a106246
040 _cCHAP
090 _aTesis
100 1 _aHilerio Cruz, Abelardo
_9125871
245 1 0 _aDiversidad de insectos plaga asociados a cinco especies del género tagetes en Chapingo, México
_h[En línea]
_cpor Abelardo Hilerio Cruz.
260 _aChapingo, Méx. :
_bEl autor,
_c2013.
500 _aPara ver el contenido del material haga clic en la liga
502 _aTesis (MC. en Protección Vegetal) -- UACH. Departamento de Parasitología Agrícola
590 _aBATCH-UPD
_b05
_c20140313
_lUCH01
_h1113
590 _aBATCH-UPD
_b10
_c20140324
_lUCH01
_h1536
590 _aBATCH-UPD
_b10
_c20141002
_lUCH01
_h0857
590 _aE11695DGD
_b10
_c20140318
_lUCH01
_h1051
590 _aE5765TAJ
_b05
_c20140313
_lUCH01
_h1112
590 _aE5765TAJ
_b05
_c20140313
_lUCH01
_h1118
650 1 4 _aInsectos
_xHábitos y conducta.
_958927
650 1 4 _aInsectos
_xIdentificación.
_958929
650 1 4 _aTagetes
_xVariedades.
_9125872
856 _aFinding aid
_uhttp://10.13.5.2/tesis/sist108812.pdf
_zTeclea aquí
901 _aBK
942 _cTESIS
942 _n0
999 _c105274
_d105274